Normal view
MARC view
- تأليف: عزيز، محمد / م.مشارك مانع حبش الطعمة
Entry Personal Name
001 - CONTROL NUMBER
- control field: 45491
003 - CONTROL NUMBER IDENTIFIER
- control field: JO-AjAnu
005 - DATE AND TIME OF LATEST TRANSACTION
- control field: 20230606081526.0
008 - FIXED-LENGTH DATA ELEMENTS
- fixed length control field: 230606|| aca||aabn | a|a d
040 ## - CATALOGING SOURCE
- Original cataloging agency: JO-AjAnu
- Transcribing agency: JO-AjAnu
100 ## - HEADING--PERSONAL NAME
- Personal name: تأليف: عزيز، محمد / م.مشارك مانع حبش الطعمة
670 ## - SOURCE DATA FOUND
- Source citation: Work cat.: (JO-AjAnu)23292: تأليف: عزيز، محمد / م.مشارك مانع حبش الطعمة, author, الحسابات القومية: كتاب منهجي لطلبة الصفوف الثانية في كليات الادارة والاقتصاد